Scrabble Generator Puzzle #2 - Statistics

General Stats
  • This quiz has been taken 2,327 times
  • The average score is 14 of 24
Answer Stats
Hint Answer % Correct
You and I Us
86%
Cook in oil Fry
85%
Alternatively Or
77%
Church chair Pew
73%
BINGO WHISPER
71%
Current fashion Trend
68%
Mexican dish Taco
67%
DVD precursors Videos
66%
Not foolish Wise
64%
and in France Et
60%
Thespian Actor
58%
Took the plunge Dove
57%
Inheritors Heirs
57%
Actress Holly Hunter
55%
BINGO FACTORY
54%
Litigate Sue
52%
BINGO DEVIOUS
51%
BINGO THUNDER
50%
Hiker's abode Hut
47%
Sly, clever Crafty
46%
Concerning Re
46%
Pour water on Douse
40%
Old Testament book Ruth
35%
Kick the bucket Perish
34%
No matching quizzes found
Score Distribution
Percent of People with Each Score
Percentile by Number Answered
Your Score History
You have not taken this quiz